Consumer Preferences in the Age of Internet - Bricks-and-Mortar Store vs. Online Shop bakalárska práca

Enregistré dans:
Détails bibliographiques
Auteur principal: Neckarová, Sabína
Collectivité auteur: Fakulta podnikového manažmentu EU. Katedra podnikovohospodárska
Autres auteurs: Čerňanová, Lucia, 1997-
Format: Livre
Langue:anglais
Publié: Bratislava 2023
Tags: Ajouter un tag
Pas de tags, Soyez le premier à ajouter un tag!

MARC

LEADER 00000nbm a2200000 4500
001 0293593
005 20240417130443.0
041 0 |a eng 
044 |a SK 
245 1 0 |a Consumer Preferences in the Age of Internet - Bricks-and-Mortar Store vs. Online Shop  |b bakalárska práca  |c Sabína Neckarová ; školiteľ: Lucia Čerňanová 
264 1 |a Bratislava  |c 2023 
300 |a 55 s. 
100 1 |a Neckarová, Sabína 
700 1 |a Čerňanová, Lucia, 1997- 
710 2 |a Fakulta podnikového manažmentu EU. Katedra podnikovohospodárska